000
00272nam a2200121Ia 4500
100
_a
Mittal V.N
942
_c
BK
654
_a
Aalternator
245
_a
Basic Electrical Engineering
260
_b
Tata Mc Graw hill
_a
New Delhi
_c
1990
300
_a
697 0
546
_a
ENGLISH
999
_c
25694
_d
25694